000 00631nam a2200253Ia 4500
003 OSt
005 20220912151228.0
006 a|||||r|||| 00| 0
007 ta
008 220909b |||||||| |||| 00| 0 eng d
024 _a55148
037 _cTextual
040 _aCSL
_beng
_cCSL
041 _aeng
082 _aL:3, M7
100 _aForbes Gilbert B
245 0 _aHuman body composition
260 _aNew York
_b Springer-Verlag
_c1987
300 _avii, 350p.
_ccm.
650 _a Physiology
650 _aMedicine
942 _hL:3, M7
_cTEXL
_2CC
999 _c64072
_d64072